Central Library OPAC University of Rajshahi
Normal view MARC view

Entry Personal Name

Number of records used in: 19

001 - CONTROL NUMBER

  • control field: 2879

003 - CONTROL NUMBER IDENTIFIER

  • control field: BD-RjUL

005 - DATE AND TIME OF LATEST TRANSACTION

  • control field: 20220510105433.0

008 - FIXED-LENGTH DATA ELEMENTS

  • fixed length control field: 220510|| aca||aabn | a|a d

040 ## - CATALOGING SOURCE

  • Original cataloging agency: BD-RjUL
  • Transcribing agency: BD-RjUL

100 ## - HEADING--PERSONAL NAME

  • Personal name: Ridler, Anne,
  • Dates associated with a name: 1912-2001

670 ## - SOURCE DATA FOUND

  • Source citation: Work cat.: (BD-RjUL)79476: Shakespeare criticism, 1935-60 /, 1963 [reprinted 1964]